| 000 | 01131nam a22002895i 4500 | ||
|---|---|---|---|
| 001 | 169194 | ||
| 003 | ES-MaACL | ||
| 005 | 20251210185420.0 | ||
| 008 | 080821s2003 sp |||| | spa d | ||
| 020 | _a84-7664-819-7 | ||
| 080 | _a7.036(460.23)(083.824) | ||
| 245 | 0 | 0 |
_aPau Casals en el escenario del arte : _bla colección de Vil.la Casals / _cexposición organizada y producida por la Fundación "la Caixa", en colaboración con la Fundación Pau Casals ; [autores de los textos, Beli Artigas ... et al.]. |
| 260 |
_aBarcelona : _bFundación "la Caixa", _c2003. |
||
| 300 |
_a153 p. : _bil. col. ; _c21 x 21 cm. |
||
| 500 | _aÍndices. | ||
| 504 | _aBibliografía. | ||
| 546 | _aTextos en español e inglés. | ||
| 600 | 1 | 7 |
_aCasals, Pau, _d1876-1973- _xColecciones de arte _2 _9138261 |
| 650 | 4 |
_aArte- _zCataluña- _yS.XX- _vExposiciones. _9138262 |
|
| 655 | 7 |
_2tgfbne _9193628 _aCatálogos de exposiciones |
|
| 700 | 1 |
_aArtigas, Beli. _9138264 |
|
| 710 | 2 |
_aFundació "la Caixa" _9173255 |
|
| 710 | 2 |
_aFundación Pau Casals. _9138263 |
|
| 852 | 4 |
_aES-MaACL _jL-29546 |
|
| 942 | _2udc | ||
| 999 |
_c169194 _d169194 |
||